SMM6: practice manual (Record no. 98418)

MARC details
000 -LEADER
fixed length control field 00487cam a2200193 4500
001 - CONTROL NUMBER
control field D16242
008 - FIXED-LENGTH DATA ELEMENTS--GENERAL INFORMATION
fixed length control field 090401t1978 xxu||||| |||| 00| 0 eng d
035 ## - SYSTEM CONTROL NUMBER
System control number (Sirsi) u95326
041 ## - LANGUAGE CODE
Language code of text/sound track or separate title eng
050 ## - LIBRARY OF CONGRESS CALL NUMBER
Classification number 692.5
110 ## - MAIN ENTRY--CORPORATE NAME
Corporate name or jurisdiction name as entry element Royal Institution of Chartered Surveyors
9 (RLIN) 4900
245 ## - TITLE STATEMENT
Title SMM6: practice manual
260 ## - PUBLICATION, DISTRIBUTION, ETC.
Name of publisher, distributor, etc. RICS/NFBTE
Date of publication, distribution, etc. 1978
300 ## - PHYSICAL DESCRIPTION
Extent 38p
350 ## - PRICE (NR) (BK AM CF MU VM SE) [OBSOLETE]
Price 0
520 ## - SUMMARY, ETC.
Summary, etc. Filed in box RICS 1978/A ; Filed in SMM box 1978/2 BC
942 ## - ADDED ENTRY ELEMENTS (KOHA)
Suppress in OPAC 0
948 ## - LOCAL PROCESSING INFORMATION (OCLC); SERIES PART DESIGNATOR (RLIN)
c (OCLC) 04/03/1997
Holdings
Withdrawn status Lost status Source of classification or shelving scheme Damaged status Not for loan Home library Current library Shelving location Date acquired Total Checkouts Full call number Barcode Date last seen Copy number Price effective from Koha item type
    Other/Generic Classification Scheme     London London Boxed set 30/10/2002   SMM 1978/2 95326-1001 06/08/2019 1 06/08/2019 Reference material